Christian Reply to Muslim Objections. (Record no. 7236)

MARC details
000 -LEADER
fixed length control field 00588nam a2200241 a 4500
020 ## - INTERNATIONAL STANDARD BOOK NUMBER
ISBN
082 00 - DEWEY DECIMAL CLASSIFICATION NUMBER
Classification number 239
Author Cutter TIS
100 ## - MAIN ENTRY--AUTHOR NAME
Author name Tisdall, W St Clair
245 ## - TITLE STATEMENT
Title Christian Reply to Muslim Objections.
260 ## - PUBLICATION, DISTRIBUTION, ETC. (IMPRINT)
Place of publication Austria
Name of publisher Light of Life
Year of publication 1904
300 ## - PHYSICAL DESCRIPTION
Number of Pages 225p
500 ## - GENERAL NOTE
General note includes index and biblioraphy
505 2# - FORMATTED CONTENTS NOTE
Formatted contents note Bibliography
650 ## - SUBJECT ADDED ENTRY--TOPICAL TERM
Topical Term Apologetics
942 ## - ADDED ENTRY ELEMENTS (KOHA)
Koha item type Books
700 1# -
-- Tisdall, W St Clair
Holdings
Home library Current library Date acquired Cost, normal purchase price Full call number Accession Number Koha item type
Henry Martyn Institute Library Henry Martyn Institute Library 03/18/2010 100.00 239 TIS 10363 Archive Book
                   Copyright © 2026 | Henry Martyn Institute | Hyderabad | TS-500052 | INDIA | Implemented by hmi.edu.in
Hit-Count:

Powered by Koha